Acerca de la situación militar en El Salvador

Uloženo v:
Podrobná bibliografie
Médium: Text
Vydáno: s.l.: s.e.
Tagy: Přidat tag
Žádné tagy, Buďte první, kdo vytvoří štítek k tomuto záznamu!

MARC

LEADER 00000 a a2200000 04500
001 24853
003
040 |a CRAI/IIS  |c CRAI/IIS 
090 |a 178700  
245 |a Acerca de la situación militar en El Salvador  
260 |a s.l.:   |b s.e.  
300 |a 29 p.  
999 |c 8100  |d 8100